000
00341nam a2200145Ia 4500
008
150201s2005 xx 000 0 und d
082
_a
610.7367
_b
S05C
100
_a
COLMER , MALEDM
245
_a
MORONEY'S SURGERY FOR NURSES
250
_a
16TH
260
_b
ELSEVIER
_a
DELHI
_c
2005
300
_a
664
650
_a
SURGERY
942
_2
ddc
_c
BK
999
_c
1897
_d
1897